| 000 | 00569cam a2200241ua 4500 | ||
|---|---|---|---|
| 020 | _c31.60 | ||
| 041 |
_aeng _h |
||
| 082 |
_a530 _bGUP/PR |
||
| 100 | _aGupta, S L . | ||
| 245 |
_aPractical physics with viva voce / _cS L Gupta. _hTextual Documents |
||
| 250 |
_a1 / _b. |
||
| 260 |
_aMeerut : _bPragati Prakashan , _c1984. |
||
| 300 | _a120 ; . | ||
| 365 | _a31.60 | ||
| 504 | _a | ||
| 700 | 1 | _aKumar, V . | |
| 942 | _cBK | ||
| 999 |
_c9572 _d9572 |
||